Entry Personal Name
Number of records used in: 1
001 - CONTROL NUMBER
003 - CONTROL NUMBER IDENTIFIER
005 - DATE AND TIME OF LATEST TRANSACTION
- control field:
20231009154246.0
008 - FIXED-LENGTH DATA ELEMENTS
- fixed length control field:
060420n| azannaabn |n aaa
010 ## - LIBRARY OF CONGRESS CONTROL NUMBER
- LC control number:
n 2006031081
035 ## - SYSTEM CONTROL NUMBER
- System control number:
(OCoLC)oca06917764
040 ## - CATALOGING SOURCE
- Original cataloging agency:
DLC
- Language of cataloging:
eng
- Description conventions:
rda
- Transcribing agency:
DLC
- Modifying agency:
InU
046 ## - SPECIAL CODED DATES
- Birth date:
1981
- Source of date scheme:
edtf
053 #0 - LC CLASSIFICATION NUMBER
- Classification number element--single number or beginning number of span:
PR6103.A43
100 1# - HEADING--PERSONAL NAME
- Personal name:
Caldwell, Lucy,
- Dates associated with a name:
1981-
670 ## - SOURCE DATA FOUND
- Source citation:
Caldwell, Lucy. Where they were missed, 2006:
- Information found:
t.p. (Lucy Caldwell) p. 3 of cover (b. in Belfast, 1981; lives in London)